| 000 | 00569nam a2200193Ia 4500 | ||
|---|---|---|---|
| 008 | 220216s9999 xx 000 0 und d | ||
| 100 | _aTripathy A R | ||
| 245 | 0 | _aEffect of blending on the dispersion and flow behaviour of carbon black filled NBR and chlorosulphonated polyethylene rubber | |
| 260 |
_bKautschuk Gummi Kunststoffe _c1995 |
||
| 300 | _a788-792 | ||
| 650 | _aBlends | ||
| 650 | _aCarbon black distribution | ||
| 650 | _aHypalon | ||
| 650 | _aInterchain crosslinking | ||
| 650 | _aNBR | ||
| 650 | _aRheology | ||
| 700 | _aDas C K | ||
| 942 | _cJS | ||
| 999 |
_c57714 _d57714 |
||